00969nam a22002417a 4500999001700000003000900017008004100026040007100067082001800138100002700156245001600183260003700199300004500236440004000281505017500321650002100496650002800517650001800545700002900563942001600592945002100608952009800629 c13607d13607AR-CdUCM190415b ||||| |||| 00| 0 spa d aMUNICIPALIDAD PROVINCIAL DEL CUSCOcBIBLIOTECA MUNICIPAL DEL CUSCO a291.211 /bB4 aBesson, Maurice, 1885- aTotemismo / aBarcelona :bEdit. Labor,c1931. aLX 114 paginas ;bIlustraciones,c19 cm. aCiencias filosoficasnN° 26932076 aContenido : ¿Que es el Totemismo? -- El totemismo en las poblaciones indígenas de Australia -- El totemismo de los indios de América -- El totemismo en Madagascar... aTotemismo917158 aAfrica del norte932077 aAmerica91348 aGallardo, Joaquin932078 2ddccLIBROS awntsd2019-04-15 002ddc4070aSHbSHcCARTd2019-04-15g45.00o291.211 / B4pSH0000010776r2019-04-15yLIBROS